000 00658nam a2200205 i 4500
001 bgj
100 1 _aSPENCER-KĘPCZYŃSKA, Joanna
245 1 0 _aConnections :
_bpodręcznik dla gimnazjum : student's book 2 : elementary /
_cJoanna Spencer-Kępczyńska ; konsultant: Alina Maciąg.
260 _aOxford :
_bOxford University Press,
_c2006.
300 _a143 pp :
_bill. ;
_c30 cm.
650 9 _aEnglish language
_xElementary
655 _aTextbooks for foreigners
700 1 _aMACIĄG, Alina.
_econs.
020 _a0194020088
040 _cBPK
041 0 _aeng
920 _a0-19-402008-8
942 _cKS
008 s uk f |000 0 eng
999 _c49074
_d49074